[Event "World Blitz 2016"]
[Site "Doha QAT"]
[Date "2016.12.30"]
[Round "13.29"]
[White "Bologan, Victor"]
[Black "Pichot, Alan"]
[Result "1-0"]
[WhiteTitle "GM"]
[BlackTitle "GM"]
[WhiteElo "2640"]
[BlackElo "2544"]
[WhiteFideId "13900048"]
[BlackFideId "110973"]
[EventDate "2016.12.29"]

1. d4 Nf6 2. c4 g6 3. Nc3 Bg7 4. e4 d6 5. Nge2 O-O 6. Ng3 c5 7. d5 e6 8. Be2
exd5 9. cxd5 a6 10. a4 h5 11. Bg5 Re8 12. O-O Qb6 13. Qd2 Nbd7 14. Kh1 Nh7 15.
Bh4 Qb4 16. f4 c4 17. Bxh5 Nc5 18. f5 Nb3 19. Qf2 gxh5 20. Nxh5 Be5 21. Rae1 Nc5
22. Re3 Nd3 23. Qe2 Kh8 24. Rh3 Qxb2 25. Bf6+ Nxf6 26. Nxf6+ Kg7 27. Qg4+ Kf8
28. Rh8+ Ke7 29. Rxe8+ Kxf6 30. Qh4+ Kg7 31. Qh8# 1-0

[Event "World Blitz 2016"]
[Site "Doha QAT"]
[Date "2016.12.30"]
[Round "13.30"]
[White "Adhiban, Baskaran"]
[Black "Volokitin, Andrei"]
[Result "0-1"]
[WhiteTitle "GM"]
[BlackTitle "GM"]
[WhiteElo "2666"]
[BlackElo "2649"]
[WhiteFideId "5018471"]
[BlackFideId "14107090"]
[EventDate "2016.12.29"]

1. e4 e5 2. Bc4 Nf6 3. d4 exd4 4. Nf3 Nc6 5. e5 d5 6. Bb5 Ne4 7. Nxd4 Bd7 8.
Bxc6 bxc6 9. O-O Be7 10. f3 Nc5 11. Be3 O-O 12. Nd2 f6 13. exf6 Rxf6 14. Bg5 Rg6
15. Bxe7 Qxe7 16. Re1 Qh4 17. N2b3 Nxb3 18. Nxb3 Rh6 19. Qd4 Qxh2+ 20. Kf2 Rg6
21. Rg1 Rf8 22. Raf1 Re8 23. Rd1 Bh3 0-1

[Event "World Blitz 2016"]
[Site "Doha QAT"]
[Date "2016.12.30"]
[Round "13.31"]
[White "Grandelius, Nils"]
[Black "Atabayev, Maksat"]
[Result "0-1"]
[WhiteTitle "GM"]
[BlackTitle "GM"]
[WhiteElo "2643"]
[BlackElo "2492"]
[WhiteFideId "1710400"]
[BlackFideId "14001101"]
[EventDate "2016.12.29"]

1. d4 Nf6 2. Nc3 d5 3. Bf4 Bf5 4. f3 e6 5. g4 Bg6 6. h4 h5 7. g5 Nfd7 8. e3 a6
9. Nh3 c5 10. Bg3 Nc6 11. Nf4 cxd4 12. exd4 Qb6 13. Nxg6 fxg6 14. Qd3 Ne7 15.
Bh3 Nf5 16. Bxf5 gxf5 17. O-O Bd6 18. Nxd5 exd5 19. Rae1+ Kd8 20. Re6 Bxg3 21.
Rxb6 Nxb6 22. f4 Bxh4 23. Qh3 Re8 24. Qxh4 g6 25. Qg3 Rc8 26. Qb3 Rc6 27. a4 Kc7
28. a5 Nc4 29. Qb4 Nd6 30. Re1 Re4 31. Rxe4 fxe4 32. c3 Kd7 33. Qb3 Ke6 34. Kg2
Rc7 35. Qb6 Rd7 36. b3 Kf5 37. Kg3 h4+ 38. Kxh4 Kxf4 39. Kh3 Kf3 40. Kh2 Kf2 41.
Kh3 Kf3 42. Kh2 Kf2 43. Kh3 Kf3 44. Kh2 e3 45. c4 e2 46. Qb4 Kf2 47. Qd2 Rh7# 0-1

[Event "World Blitz 2016"]
[Site "Doha QAT"]
[Date "2016.12.30"]
[Round "13.32"]
[White "Tomashevsky, Evgeny"]
[Black "Neelotpal, Das"]
[Result "1-0"]
[WhiteTitle "GM"]
[BlackTitle "GM"]
[WhiteElo "2716"]
[BlackElo "2463"]
[WhiteFideId "4147235"]
[BlackFideId "5003512"]
[EventDate "2016.12.29"]

1. d4 e6 2. Nf3 Nf6 3. Bf4 c5 4. e3 b6 5. h3 Bb7 6. Bd3 d6 7. O-O Nbd7 8. c4 Be7
9. Nc3 cxd4 10. exd4 d5 11. b3 O-O 12. Qe2 Re8 13. Rad1 a6 14. Ne5 g6 15. Qe3
Rc8 16. Ne2 Nh5 17. Bh6 Ng7 18. f4 Nf5 19. Bxf5 exf5 20. Ng3 f6 21. Nxf5 fxe5
22. fxe5 Nf8 23. Nxe7+ Qxe7 24. Rf2 Ne6 25. Rdf1 dxc4 26. bxc4 Rxc4 27. Rf7 Qxf7
28. Rxf7 Kxf7 29. Qf2+ Kg8 30. Be3 Bd5 31. Qb2 b5 32. Qa3 Ra4 33. Qd6 Rxa2 34.
Qxd5 Re2 35. Qf3 Rc2 36. d5 Ng7 37. e6 Nf5 38. Bf2 Rf8 39. Qd3 Rc1+ 40. Kh2 Nd6
41. Bg3 Nc4 42. e7 Re8 43. d6 b4 44. d7 1-0

[Event "World Blitz 2016"]
[Site "Doha QAT"]
[Date "2016.12.30"]
[Round "13.33"]
[White "Zhigalko, Sergei"]
[Black "Quparadze, Giga"]
[Result "0-1"]
[WhiteTitle "GM"]
[BlackTitle "IM"]
[WhiteElo "2671"]
[BlackElo "2481"]
[WhiteFideId "13502956"]
[BlackFideId "13602250"]
[EventDate "2016.12.29"]

1. e4 c5 2. Nf3 e6 3. c3 d5 4. e5 d4 5. Bd3 Bd7 6. O-O Bc6 7. Na3 Nd7 8. Re1 Ne7
9. cxd4 cxd4 10. Nc4 Ng6 11. Bxg6 hxg6 12. d3 Nb6 13. Nxb6 axb6 14. Ng5 Be7 15.
Qg4 Qd5 16. a3 Qb3 17. Qxd4 Rd8 18. Qf4 Bxg5 19. Qxg5 Rh5 20. Qg4 Rxd3 21. Be3
Rxe5 22. Qg3 Qd5 23. Rac1 b5 24. h4 Re4 25. Qb8+ Qd8 26. Qxd8+ Kxd8 27. Rxc6
Rexe3 28. Rxe3 Rd1+ 29. Kh2 bxc6 30. Rc3 Rd6 31. Kg3 Kd7 32. Kf3 Rd2 33. b4 Rd4
34. g3 f6 35. Ke3 e5 36. f4 Rd5 37. fxe5 Rxe5+ 38. Kf4 g5+ 39. hxg5 Rxg5 40. g4
Rd5 41. Rh3 g5+ 42. Ke4 Re5+ 43. Kf3 Re1 44. Rh7+ Ke6 45. Rc7 Rc1 46. Rc8 Rc3+
47. Ke4 Rc4+ 48. Kf3 Ke5 49. Re8+ Kd6 50. Rd8+ Ke7 51. Rd3 Rf4+ 52. Kg3 Rc4 53.
Kf3 Ke6 54. Kg3 Ke5 55. Rf3 Re4 56. Rf5+ Ke6 57. Rc5 Rc4 58. Rxc4 bxc4 59. Kf3
f5 60. a4 fxg4+ 61. Ke2 g3 62. a5 g2 63. Kf2 c3 64. a6 c2 0-1

[Event "World Blitz 2016"]
[Site "Doha QAT"]
[Date "2016.12.30"]
[Round "13.34"]
[White "Moiseenko, Alexander"]
[Black "Svane, Rasmus"]
[Result "1-0"]
[WhiteTitle "GM"]
[BlackTitle "GM"]
[WhiteElo "2657"]
[BlackElo "2555"]
[WhiteFideId "14102560"]
[BlackFideId "4657101"]
[EventDate "2016.12.29"]

1. d4 e6 2. c4 Nf6 3. Nc3 Bb4 4. Nf3 b6 5. Bg5 h6 6. Bh4 g5 7. Bg3 Ne4 8. Qc2
Bb7 9. e3 h5 10. Bd3 Bxc3+ 11. bxc3 f5 12. h4 Nxg3 13. fxg3 g4 14. Ng5 Nc6 15.
O-O Qe7 16. e4 fxe4 17. Bxe4 O-O-O 18. Nf7 Rhf8 19. Nxd8 Rxd8 20. c5 Na5 21.
Bxb7+ Kxb7 22. Qe4+ Nc6 23. Rae1 e5 24. Kh2 Kb8 25. d5 Na5 26. cxb6 axb6 27.
Qxe5 Qc5 28. Qxh5 Nb7 29. Qxg4 Qxc3 30. Re7 Nc5 31. Ref7 Kb7 32. Rf8 Rxf8 33.
Rxf8 Qe5 34. Qf3 d6 35. Qa3 Na6 36. Qf3 Nc5 37. Qf5 Qxf5 38. Rxf5 1-0

[Event "World Blitz 2016"]
[Site "Doha QAT"]
[Date "2016.12.30"]
[Round "13.35"]
[White "Fressinet, Laurent"]
[Black "Ghaem Maghami, Ehsan"]
[Result "1/2-1/2"]
[WhiteTitle "GM"]
[BlackTitle "GM"]
[WhiteElo "2672"]
[BlackElo "2574"]
[WhiteFideId "608742"]
[BlackFideId "12500739"]
[EventDate "2016.12.29"]

1. Nf3 c5 2. c4 Nc6 3. e3 Nf6 4. Nc3 e6 5. d4 d5 6. a3 a6 7. dxc5 Bxc5 8. b4 Bd6
9. Bb2 O-O 10. Qc2 Qe7 11. Be2 dxc4 12. Bxc4 Ne5 13. Be2 Bd7 14. O-O Rac8 15.
Qb3 Nxf3+ 16. Bxf3 Bc6 17. Bxc6 Rxc6 18. h3 Rfc8 19. b5 Rc4 20. Rac1 h6 21. bxa6
bxa6 22. Ne4 Rxc1 23. Nxf6+ gxf6 24. Rxc1 Rxc1+ 25. Bxc1 Qc7 26. Bb2 Be5 27. g3
Kg7 28. Bxe5 Qxe5 29. a4 a5 30. Qc4 Qd6 31. Qg4+ Kf8 32. Qh5 Qb4 33. Qxh6+ Ke7
34. Qf4 e5 35. Qf5 Qxa4 36. h4 Qd1+ 37. Kg2 a4 38. Qe4 Qb3 39. h5 a3 40. h6 a2
41. h7 a1=Q 42. h8=Q Qbb1 43. Qxb1 Qxb1 44. Qc8 Qb6 45. g4 Qd6 46. Qf5 Qd5+ 47.
Qf3 Qe6 48. Kg3 Kf8 49. Qe4 Kg7 50. Qf5 Qe7 51. Kf3 Qb7+ 52. Kg3 Qe7 53. f3 Qd6
54. g5 fxg5 55. Qxg5+ Qg6 56. Kg4 f6 57. Qxg6+ Kxg6 58. e4 f5+ 59. exf5+ Kf6 60.
Kg3 Kxf5 61. Kf2 Kf4 62. Ke2 e4 63. fxe4 Kxe4 1/2-1/2

[Event "World Blitz 2016"]
[Site "Doha QAT"]
[Date "2016.12.30"]
[Round "13.36"]
[White "Belyakov, Bogdan"]
[Black "Anton Guijarro, David"]
[Result "1/2-1/2"]
[WhiteTitle "IM"]
[BlackTitle "GM"]
[WhiteElo "2487"]
[BlackElo "2650"]
[WhiteFideId "24104795"]
[BlackFideId "2285525"]
[EventDate "2016.12.29"]

1. e4 e5 2. Nf3 Nc6 3. Bc4 Bc5 4. b4 Bxb4 5. c3 Bd6 6. d4 Nf6 7. Nbd2 O-O 8. O-O
h6 9. Re1 Re8 10. Nf1 exd4 11. cxd4 Rxe4 12. Rxe4 Nxe4 13. Bb2 Bf8 14. d5 Na5
15. Bd3 Nc5 16. Bc2 d6 17. Bc3 b6 18. Ng3 Bd7 19. Nf5 Bxf5 20. Bxf5 Qe7 21. h3
Re8 22. Rc1 Nc4 23. Bb1 Ne5 24. Nd4 g6 25. f4 Ned7 26. Kh1 Bg7 27. Nc6 Qh4 28.
Bxg7 Kxg7 29. Qd4+ Nf6 30. Nxa7 g5 31. Nb5 Qxf4 32. Qxf4 gxf4 33. Nxc7 Re2 34.
Nb5 Nxd5 35. Nxd6 Ne3 36. Nf5+ Nxf5 37. Bxf5 Rxa2 38. Rb1 Ra6 39. Bg4 h5 40.
Bxh5 Nd7 41. Be2 Ra2 42. Bg4 Ne5 43. Rxb6 Nxg4 44. hxg4 Ra3 45. Rb4 Kg6 46. Rxf4
f6 1/2-1/2

[Event "World Blitz 2016"]
[Site "Doha QAT"]
[Date "2016.12.30"]
[Round "13.37"]
[White "Al-Sayed, Mohammed"]
[Black "Halkias, Stelios"]
[Result "0-1"]
[WhiteTitle "GM"]
[BlackTitle "GM"]
[WhiteElo "2508"]
[BlackElo "2585"]
[WhiteFideId "12100196"]
[BlackFideId "4201809"]
[EventDate "2016.12.29"]

1. d4 d5 2. c4 e6 3. Nc3 c5 4. cxd5 exd5 5. Nf3 Nc6 6. g3 Nf6 7. Bg2 Be7 8. O-O
O-O 9. Bf4 c4 10. Ne5 Be6 11. Rc1 Qb6 12. Na4 Qa6 13. Nc5 Bxc5 14. dxc5 Rac8 15.
a3 Rfd8 16. Nxc6 Rxc6 17. Bd6 Ne4 18. Bxe4 dxe4 19. Qc2 f5 20. Rfd1 b5 21. Qc3
Qb7 22. Qe5 Qf7 23. Rd4 Re8 24. Qf4 h6 25. h4 Qh5 26. Re1 Qf7 27. Red1 Qh5 28.
R1d2 Qf7 29. Qe5 a5 30. Qf4 Kh7 31. Qe3 b4 32. axb4 axb4 33. Kg2 c3 34. bxc3 b3
35. Rb4 Ra6 36. c4 Bxc4 37. Qc3 Bd5 38. Qd4 Bc6 39. Qe3 Ra2 40. Rd1 Rea8 41.
Rxb3 Ba4 42. Rdb1 Bxb3 43. Rxb3 Rxe2 44. Qxe2 Qxb3 45. c6 Qd5 46. Bf4 Qxc6 47.
Qb2 e3+ 48. Kh2 exf2 49. Qxf2 Ra1 0-1

[Event "World Blitz 2016"]
[Site "Doha QAT"]
[Date "2016.12.30"]
[Round "13.40"]
[White "Tregubov, Pavel V."]
[Black "Kozul, Zdenko"]
[Result "1-0"]
[WhiteTitle "GM"]
[BlackTitle "GM"]
[WhiteElo "2585"]
[BlackElo "2613"]
[WhiteFideId "4115341"]
[BlackFideId "14502879"]
[EventDate "2016.12.29"]

1. d4 Nf6 2. Nf3 g6 3. Nc3 d5 4. Bf4 c6 5. h3 Bg7 6. e3 O-O 7. Be2 Nbd7 8. O-O
a6 9. a4 c5 10. a5 Re8 11. Re1 e6 12. Bf1 b5 13. axb6 Qxb6 14. Na4 Qc6 15. dxc5
e5 16. Bh2 Bb7 17. b4 Rad8 18. c3 h6 19. Qb3 g5 20. c4 Qe6 21. Nc3 dxc4 22. Bxc4
Qe7 23. e4 g4 24. hxg4 Nxg4 25. Bg3 Rb8 26. Qa4 Ndf6 27. Nd5 Qd8 28. Bh4 Qc8 29.
Qa2 1-0

[Event "World Blitz 2016"]
[Site "Doha QAT"]
[Date "2016.12.30"]
[Round "13.41"]
[White "Flores, Diego"]
[Black "Venkatesh, M.R."]
[Result "1-0"]
[WhiteTitle "GM"]
[BlackTitle "GM"]
[WhiteElo "2579"]
[BlackElo "2439"]
[WhiteFideId "108049"]
[BlackFideId "5005779"]
[EventDate "2016.12.29"]

1. c4 g6 2. Nc3 Bg7 3. g3 e5 4. Bg2 d6 5. e4 Nc6 6. Nge2 Nge7 7. d3 h6 8. O-O
Be6 9. Nd5 Qd7 10. Rb1 h5 11. Bg5 Ng8 12. Be3 h4 13. f3 hxg3 14. hxg3 Nd4 15.
Bxd4 exd4 16. Ndf4 Ne7 17. Kf2 g5 18. Nxe6 fxe6 19. Rh1 O-O-O 20. Qd2 Bf6 21.
Rxh8 Rxh8 22. Rh1 Rf8 23. Rh7 g4 24. Qh6 Qe8 25. Nf4 gxf3 26. Bh3 Ng8 27. Nxe6
Nxh6 28. Nxf8+ Kb8 29. Nd7+ Ka8 30. Nxf6 Qf8 31. Nd7 Qg8 32. Rxh6 a6 33. Kxf3
Qg5 34. Rh8+ Ka7 35. Bf5 Qe3+ 36. Kg4 Qxd3 37. c5 Qe2+ 38. Kg5 d3 39. cxd6 cxd6
40. Bg4 Qe3+ 41. Kf5 d2 42. Rh1 Qxg3 43. Rd1 Qf2+ 44. Ke6 Qf4 45. Nf6 Qe5+ 46.
Kf7 Qxb2 47. a4 Qb3+ 48. Kg6 Qa2 49. Kf5 b5 50. axb5 axb5 51. Nd5 Qc2 52. Be2
Kb7 53. Kf4 Kb8 54. Ke3 Qc5+ 55. Kxd2 b4 56. Rc1 Qd4+ 57. Bd3 b3 58. Rb1 b2 59.
Kc2 Qc5+ 60. Nc3 Kc7 61. Rxb2 Kd7 62. Rb5 Qe3 63. Nd5 Qf2+ 64. Kc3 Qe1+ 65. Kc4
Qc1+ 66. Nc3 Qa3 67. Rd5 Qa6+ 68. Nb5 Qa4+ 69. Kc3 Qa1+ 70. Kd2 Qb2+ 71. Bc2
Qb4+ 72. Ke2 Qc4+ 73. Bd3 Qa2+ 74. Kf3 Ke7 75. Nxd6 Qh2 76. Nf5+ Ke6 77. Nd4+
Ke7 78. Nf5+ Ke6 79. Ng3 Ke7 80. Rg5 Qd2 81. Rd5 Qd1+ 82. Be2 Qb3+ 83. Kf4 Qb2
84. Bf3 Qc1+ 85. Kg4 Qg1 86. Rh5 Qe1 87. e5 Qb4+ 88. Be4 Qc4 89. Rh6 Qg8+ 90.
Rg6 Qc8+ 91. Nf5+ Kf8 92. e6 Qc4 93. e7+ 1-0

[Event "World Blitz 2016"]
[Site "Doha QAT"]
[Date "2016.12.30"]
[Round "13.42"]
[White "Maghsoodloo, Parham"]
[Black "Xu, Yi"]
[Result "1-0"]
[WhiteTitle "GM"]
[BlackTitle "IM"]
[WhiteElo "2584"]
[BlackElo "2430"]
[WhiteFideId "12539929"]
[BlackFideId "8605564"]
[EventDate "2016.12.29"]

1. Nf3 Nf6 2. g3 d5 3. Bg2 e6 4. O-O Be7 5. d3 O-O 6. c4 c5 7. Bf4 Nc6 8. Nc3 b6
9. cxd5 exd5 10. Ne5 Bb7 11. Rc1 Rc8 12. Nxc6 Bxc6 13. d4 cxd4 14. Qxd4 Bc5 15.
Qd3 h6 16. Be5 Re8 17. Bd4 Ne4 18. Rfd1 Qg5 19. e3 Rcd8 20. a3 Bb7 21. b4 Bd6
22. Ne2 Bb8 23. Bb2 Qf5 24. f4 Qg4 25. Nd4 Bd6 26. Re1 h5 27. Qd1 Qg6 28. Nf3
Rc8 29. Nh4 Rxc1 30. Qxc1 Qe6 31. Qd1 Nf6 32. Nf3 Rc8 33. Ng5 Qe7 34. Bxf6 Qxf6
35. Qxh5 g6 36. Qd1 Qb2 37. Bxd5 Rc2 38. Bxb7 Rxh2 39. Rf1 Be7 40. Qd4 Qe2 41.
Bf3 Qc2 42. Ne4 Rh6 43. Nf2 Qf5 44. Kg2 Bf6 45. Qe4 Qd7 46. Rd1 Qc7 47. Ng4 1-0

[Event "World Blitz 2016"]
[Site "Doha QAT"]
[Date "2016.12.30"]
[Round "13.43"]
[White "Potapov, Pavel"]
[Black "Perez Ponsa, Federico"]
[Result "0-1"]
[WhiteTitle "GM"]
[BlackTitle "GM"]
[WhiteElo "2493"]
[BlackElo "2585"]
[WhiteFideId "4169786"]
[BlackFideId "117927"]
[EventDate "2016.12.29"]

1. e4 g6 2. Nc3 c5 3. d4 cxd4 4. Qxd4 Nf6 5. e5 Nc6 6. Qf4 Nh5 7. Qe3 d6 8. exd6
Qxd6 9. Nf3 Bg7 10. Ne4 Qd5 11. c3 O-O 12. Bd3 Rd8 13. Bc2 Qc4 14. Bb3 Qb5 15.
Neg5 e6 16. Qe2 Qxe2+ 17. Kxe2 b6 18. Bc4 Bb7 19. Be3 h6 20. Nh3 g5 21. g4 Nf6
22. Rhg1 Na5 23. Bb5 Rd5 24. Ba4 Rad8 25. Nd4 Nc4 26. Bb3 Ba6 27. Kf3 R5d6 28.
Rab1 Ne5+ 29. Kg2 Nfxg4 30. Rge1 Bb7+ 31. f3 Rxd4 32. cxd4 Nxf3 33. Kg3 Nxe1 34.
Kxg4 Ng2 35. Bf2 Be4 36. Rc1 Bf5+ 37. Kf3 Bxh3 38. Kg3 Nf4 39. Rc7 Bf5 40. Rxa7
Ne2+ 41. Kg2 Nxd4 0-1

[Event "World Blitz 2016"]
[Site "Doha QAT"]
[Date "2016.12.30"]
[Round "13.44"]
[White "Sanal, Vahap"]
[Black "Agdestein, Simen"]
[Result "0-1"]
[WhiteTitle "GM"]
[BlackTitle "GM"]
[WhiteElo "2474"]
[BlackElo "2602"]
[WhiteFideId "6300545"]
[BlackFideId "1500015"]
[EventDate "2016.12.29"]

1. Nf3 d5 2. g3 g6 3. c4 e6 4. Bg2 Bg7 5. O-O Ne7 6. d3 O-O 7. Nc3 c5 8. cxd5
exd5 9. Bg5 Nbc6 10. Rc1 Re8 11. Re1 Be6 12. Bf4 d4 13. Nb5 Nd5 14. Bg5 f6 15.
Bd2 a6 16. Na3 Bf8 17. Nc2 Rc8 18. a3 Bf7 19. b4 cxb4 20. axb4 Nc3 21. Bxc3 dxc3
22. Rb1 Ba2 23. Ra1 Bb3 24. Qb1 Bxc2 25. Qxc2 Nxb4 26. Qb3+ Kh8 27. Rac1 c2 28.
Nd2 b5 29. Ne4 a5 30. Qb2 Bg7 31. Qb3 f5 32. Nd2 Rc3 33. Qf7 Re7 0-1

[Event "World Blitz 2016"]
[Site "Doha QAT"]
[Date "2016.12.30"]
[Round "13.45"]
[White "Howell, David W L"]
[Black "Kayumov, Sergey"]
[Result "1-0"]
[WhiteTitle "GM"]
[BlackTitle "GM"]
[WhiteElo "2644"]
[BlackElo "2505"]
[WhiteFideId "410608"]
[BlackFideId "14200880"]
[EventDate "2016.12.29"]

1. c4 e5 2. Nc3 Bb4 3. Nd5 Be7 4. d4 d6 5. Nf3 Nc6 6. e3 Nf6 7. Be2 O-O 8. O-O
Re8 9. b3 Bf8 10. dxe5 dxe5 11. Bb2 h6 12. a3 Bf5 13. b4 Nxd5 14. cxd5 Ne7 15.
Nxe5 Nxd5 16. Bf3 Be6 17. Qc2 c6 18. Rfd1 Qg5 19. Rd2 a5 20. b5 Rac8 21. bxc6
bxc6 22. Rad1 Bd6 23. Nc4 Bc7 24. g3 Bg4 25. Bxg4 Qxg4 26. Qd3 Qh3 27. Qf1 Qh5
28. Qe2 Qh3 29. Qf3 Rb8 30. Rd4 Re6 31. Qg4 Qxg4 32. Rxg4 Rg6 33. Rxg6 fxg6 34.
Be5 Bxe5 35. Nxe5 Rb3 36. Nxc6 Nc3 37. Rd8+ Kf7 38. Nxa5 Rxa3 39. Nc4 Ra2 40.
Rd2 Ra1+ 41. Kg2 Ne4 42. Rd4 Nf6 43. Ne5+ Ke6 44. Nxg6 h5 45. h3 Ra2 46. Kf3 Kf5
47. Ne7+ Ke6 48. Ng6 Kf5 49. Nf4 g5 50. g4+ hxg4+ 51. hxg4+ Nxg4 52. e4+ Ke5 53.
Rd5+ Kf6 54. Nh5+ Kg6 55. Kxg4 Rxf2 56. Rd6+ Kh7 57. Kxg5 Rg2+ 58. Kf5 Rh2 59.
Nf4 Kg7 60. Rd7+ Kf8 61. e5 Ke8 62. Ra7 Rf2 63. Kg5 Rf1 64. Nd5 Re1 65. Kf6 1-0

[Event "World Blitz 2016"]
[Site "Doha QAT"]
[Date "2016.12.30"]
[Round "13.46"]
[White "Debashis, Das"]
[Black "Christiansen, Johan-Sebastian"]
[Result "0-1"]
[WhiteTitle "GM"]
[BlackTitle "IM"]
[WhiteElo "2472"]
[BlackElo "2429"]
[WhiteFideId "5024854"]
[BlackFideId "1512668"]
[EventDate "2016.12.29"]

1. d4 Nf6 2. c4 c5 3. d5 b5 4. cxb5 a6 5. bxa6 g6 6. Nc3 Bg7 7. e4 O-O 8. Nf3
Qa5 9. Bd2 Bxa6 10. Bxa6 Qxa6 11. Qe2 e6 12. dxe6 fxe6 13. Qxa6 Nxa6 14. Ke2
Rfb8 15. b3 d5 16. exd5 exd5 17. Rhc1 Nb4 18. Na4 Ne4 19. Bxb4 Rxb4 20. Rab1
Raxa4 21. bxa4 Rxb1 22. Rxb1 Nc3+ 23. Kd3 Nxb1 24. a5 c4+ 25. Ke3 c3 26. Ne1 Na3
27. a6 Nb5 28. a4 Na7 29. Nc2 Kf7 30. Na3 Nc6 31. Nb5 c2 32. Kd2 Nb4 33. a7 Bh6+
34. Ke2 c1=Q 35. a8=Q Qc4+ 36. Kf3 Qe4+ 37. Kg3 Bf4+ 38. Kh3 Qf5+ 39. g4 Qd3+
40. Kg2 Qe4+ 41. Kg1 Nd3 42. Qb7+ Kg8 43. Qc8+ Kg7 44. Qc3+ Be5 45. Qc6 Qe1+ 46.
Kg2 Qxf2+ 0-1

[Event "World Blitz 2016"]
[Site "Doha QAT"]
[Date "2016.12.30"]
[Round "13.47"]
[White "Saeed, Ishaq"]
[Black "Shytaj, Luca"]
[Result "1/2-1/2"]
[WhiteTitle "FM"]
[BlackTitle "IM"]
[WhiteElo "2312"]
[BlackElo "2435"]
[WhiteFideId "9301453"]
[BlackFideId "812633"]
[EventDate "2016.12.29"]

1. d4 Nf6 2. c4 e6 3. Nf3 Bb4+ 4. Nbd2 O-O 5. e3 d5 6. Bd3 dxc4 7. Bxc4 c5 8. a3
Bxd2+ 9. Bxd2 cxd4 10. Nxd4 e5 11. Nf3 Bg4 12. Bb4 Qxd1+ 13. Rxd1 Bxf3 14. gxf3
Rc8 15. Bd3 Nc6 16. Bc3 h6 17. Rg1 Nd5 18. Bd2 Nce7 19. Ke2 Rc7 20. f4 Nc6 21.
fxe5 Nxe5 22. Be4 Nf6 23. Ba5 Re7 24. Bb1 b6 25. Bb4 Ree8 26. Ba2 Rac8 27. Bb3
Nc4 28. Bc3 Nh5 29. Kf1 Re7 30. Rg4 Ne5 31. Re4 Rce8 32. Ba4 Ng6 33. Rg4 Rc8 34.
Bb3 Kh7 35. Rd6 Ne5 36. Rh4 Nf6 37. h3 Ng6 38. Rhd4 Ne4 39. Rd7 Rxd7 40. Rxd7
Nxc3 41. bxc3 Rxc3 42. Bxf7 Ne5 43. Rxa7 Nxf7 44. Rxf7 Rxa3 45. Rb7 Rb3 46. Kg2
Kg6 47. Kf3 Kf6 48. Kf4 Rb4+ 49. e4 g5+ 50. Kf3 Rb3+ 51. Kg4 Rb4 52. f3 Rb2 53.
Kh5 b5 54. Kxh6 b4 55. e5+ Kxe5 56. Kxg5 b3 57. f4+ Kd4 58. f5 Kc4 59. f6 Rg2+
60. Kh5 Rf2 61. f7 Kc3 62. h4 b2 63. Kg6 Rg2+ 64. Kh6 Rf2 65. Kg7 Rg2+ 66. Kh6
Rf2 67. Kg7 Rg2+ 68. Kh8 Rf2 69. Kg8 Rg2+ 70. Kf8 1/2-1/2

[Event "World Blitz 2016"]
[Site "Doha QAT"]
[Date "2016.12.30"]
[Round "13.48"]
[White "Zhang, Zhong"]
[Black "Gholami, Aryan"]
[Result "1/2-1/2"]
[WhiteTitle "GM"]
[BlackTitle "IM"]
[WhiteElo "2645"]
[BlackElo "2422"]
[WhiteFideId "8600694"]
[BlackFideId "12513342"]
[EventDate "2016.12.29"]

1. d4 Nf6 2. c4 e6 3. g3 d5 4. Bg2 Bb4+ 5. Bd2 Be7 6. Nf3 c6 7. Qc2 O-O 8. O-O
b6 9. Rd1 Ba6 10. b3 Nbd7 11. a4 Ne4 12. Bf4 Rc8 13. a5 b5 14. c5 Re8 15. Nbd2
Nxd2 16. Qxd2 Bf8 17. b4 f6 18. Qc3 Qe7 19. Bd6 Qf7 20. Bf4 Qe7 21. Bd6 Qf7 22.
Bf4 Qe7 23. Bd6 Qf7 24. Bxf8 Qxf8 25. Re1 f5 26. e3 Rcd8 27. Ne5 Nxe5 28. dxe5
Bc8 29. Qd4 a6 30. f4 Qe7 31. Kf2 Qf7 32. Bf3 Kf8 33. Rg1 Ke7 34. g4 g6 35. h4
Kd7 36. Rg3 Kc7 37. Rag1 Rg8 38. Qd1 Kb8 39. Ke2 Qe7 40. Rh1 Qd7 41. Qd4 Qe7 42.
Kd3 Qf7 43. Qb2 Bd7 44. Kd4 Rdf8 45. Qg2 Qe7 46. g5 Be8 47. h5 Rg7 48. Rgh3 Rfg8
49. hxg6 hxg6 50. Rh6 Qf8 51. Qh3 Qe7 52. Rh8 Qf8 53. Qh6 Kc7 54. Be2 Kd8 55.
Rxg8 Qxg8 56. Qh8 Qxh8 57. Rxh8 Ke7 58. Bd3 Kf7 59. Be2 Rg8 60. Rh7+ Rg7 61. Rh6
Kg8 62. Bd1 Rh7 63. Rxh7 Kxh7 64. Bb3 Kg7 65. Bc2 Kf7 1/2-1/2

[Event "World Blitz 2016"]
[Site "Doha QAT"]
[Date "2016.12.30"]
[Round "13.49"]
[White "Jumabayev, Rinat"]
[Black "Darini, Pouria"]
[Result "1-0"]
[WhiteTitle "GM"]
[BlackTitle "GM"]
[WhiteElo "2611"]
[BlackElo "2511"]
[WhiteFideId "13702661"]
[BlackFideId "12502200"]
[EventDate "2016.12.29"]

1. Nf3 Nf6 2. c4 g6 3. Nc3 d5 4. cxd5 Nxd5 5. h4 Bg7 6. e4 Nxc3 7. dxc3 Qxd1+ 8.
Kxd1 Nd7 9. h5 Nc5 10. h6 Bf8 11. Nd2 e5 12. f3 Be6 13. Bc4 O-O-O 14. Bxe6+ Nxe6
15. Kc2 f6 16. Nc4 Nf4 17. g4 Bc5 18. b4 Be7 19. a4 Ne6 20. Be3 b6 21. Bf2 g5
22. Ne3 Rhe8 23. Nf5 Bf8 24. Be3 Rd7 25. a5 Kb7 26. a6+ Kc8 27. Rad1 Red8 28.
Rxd7 Rxd7 29. Bf2 c6 30. Ng3 Nc7 31. Ra1 Bxh6 32. Nh5 Rd6 33. Be3 Bf8 34. Ng3
Rd7 35. Nh5 Rd6 36. Ng3 Ne6 37. Bxb6 Rd7 38. Be3 c5 39. b5 Kc7 40. Nf1 Kb6 41.
Rb1 Kc7 42. Nd2 Kc8 43. Nc4 Kb8 44. b6 axb6 45. Rxb6+ 1-0

[Event "World Blitz 2016"]
[Site "Doha QAT"]
[Date "2016.12.30"]
[Round "13.50"]
[White "Aleksandrov, Aleksej"]
[Black "Quintiliano Pinto, Renato R."]
[Result "0-1"]
[WhiteTitle "GM"]
[BlackTitle "IM"]
[WhiteElo "2574"]
[BlackElo "2484"]
[WhiteFideId "13500139"]
[BlackFideId "2117568"]
[EventDate "2016.12.29"]

1. d4 d5 2. c4 e6 3. Nc3 c6 4. e3 Nf6 5. Nf3 Nbd7 6. Bd3 dxc4 7. Bxc4 b5 8. Be2
Bb7 9. O-O Bd6 10. e4 e5 11. dxe5 Nxe5 12. Nd4 O-O 13. Bg5 Bc5 14. Nf5 Bc8 15.
Qc2 Bxf5 16. exf5 Qb6 17. a4 a6 18. Bxf6 gxf6 19. Kh1 Rad8 20. Ne4 Be7 21. Rac1
Rd4 22. f4 Nc4 23. Bxc4 Rxc4 24. Qd3 Rxc1 25. Rxc1 Rd8 26. Qg3+ Kh8 27. h3 Qd4
28. Qf3 c5 29. axb5 axb5 30. b3 c4 31. bxc4 bxc4 32. Ng3 Bd6 33. Nh5 Qd3 34.
Qxd3 cxd3 35. Rd1 Bb4 36. Nxf6 d2 37. Ne4 Re8 38. Nxd2 Rd8 39. g4 Rxd2 40. Rb1
Bd6 41. Rb7 Kg7 42. g5 Bxf4 43. h4 0-1

[Event "World Blitz 2016"]
[Site "Doha QAT"]
[Date "2016.12.30"]
[Round "13.51"]
[White "Tissir, Mohamed"]
[Black "Hirneise, Tobias"]
[Result "0-1"]
[WhiteTitle "IM"]
[BlackTitle "IM"]
[WhiteElo "2376"]
[BlackElo "2466"]
[WhiteFideId "9000240"]
[BlackFideId "24600881"]
[EventDate "2016.12.29"]

1. e4 e5 2. Nf3 Nc6 3. Bc4 Bc5 4. c3 Nf6 5. d3 a6 6. Bb3 Ba7 7. Nbd2 O-O 8. Nf1
d5 9. exd5 Nxd5 10. Ng3 h6 11. O-O Be6 12. Re1 Re8 13. h3 Nf6 14. Bc2 Qd6 15.
Qe2 Nd7 16. Nh4 Qe7 17. Nhf5 Qf6 18. Qf3 Rad8 19. d4 Bxf5 20. Nxf5 exd4 21.
Rxe8+ Rxe8 22. Qg3 Kh8 23. Bf4 Nde5 24. Kh1 d3 25. Bxd3 Bxf2 26. Qxf2 Nxd3 27.
Qg3 Qxf5 28. Bxc7 Nf2+ 29. Kg1 Ne4 30. Qe3 Qc5 0-1